| 000 | 00463nam a2200169Ia 4500 | ||
|---|---|---|---|
| 003 | OSt | ||
| 005 | 20260323150922.0 | ||
| 008 | 211028s2019 xx 000 0 und d | ||
| 040 | _cAIMIT LIBRARY | ||
| 041 | _aeng | ||
| 100 |
_aAlva, Nihal S; Srinivas, B L. _g161753 _95368 |
||
| 110 |
_aAravind Prabhu _95369 |
||
| 245 | _aTourist car rentals (TCR) / | ||
| 260 |
_aMangalore _c2019 |
||
| 710 |
_aCascades data solutions India Pvt Ltd _95370 |
||
| 942 |
_2ddc _cPRO |
||
| 999 |
_c217882 _d217882 |
||